Presidents with Statues Outside of the U.S. - Statistics

General Stats
  • This quiz has been taken 43 times
    41 since last reset
  • The average score is 15 of 17
Answer Stats
Country(ies) Year(s) President % Correct
UK(x3), Norway, Mexico(x2), Russia 1893,1914,1919,1920,1964,1981,2011 Abraham Lincoln
100%
UK(x3), Mexico, Uruguay, Norway, Russia 1946,1947,1948,1950,1995,2015 Franklin D. Roosevelt
100%
Mexico, UK, Colombia, Poland 1916,1924,1963,1989 George Washington
100%
Kosovo, Ireland 1998, 2009 Bill Clinton
97%
UK, Ireland(x2) 1965,2008,2019 John F. Kennedy
97%
Indonesia, Ireland 2010, 2018 Barack Obama
94%
Germany(x2), Hungary 2010,2020 George H.W. Bush
94%
Albania 2011 George W. Bush
94%
UK, Germany, Bulgaria, Hungary 2011,2017,2019 Ronald Reagan
94%
Spain 2011 John Adams
92%
Greece 1963 Harry Truman
83%
New Zealand 2013 Richard Nixon
83%
UK 1989 Dwight D. Eisenhower
81%
Czech Republic 2011 Woodrow Wilson
81%
The Philippines 2021 Joe Biden
75%
Paraguay 2024 Rutherford B. Hayes
56%
Canada 1925 Warren G. Harding
53%
No matching quizzes found
Score Distribution
Percent of People with Each Score
Percentile by Number Answered
Your Score History
You have not taken this quiz since the last reset